Touches sur une manette de PS5 - Statistiques

Statistiques générales
  • Ce quiz a été pris 452 fois
    447 depuis la dernière actualisation
  • Le résultat moyen est 13 sur 16
Statistiques - réponses
Position Touche / Bouton % Correct
Avant Carré
98%
Avant Croix
98%
Avant Rond
97%
Avant Triangle
97%
Avant Croix directionnelle
96%
Haut L2
96%
Haut R1
96%
Haut R2
96%
Haut L1
95%
Avant R3 / Joystick droit
89%
Avant L3 / Joystick gauche
88%
Avant Pavé tactile
70%
Avant PS
68%
Avant Options
62%
Avant Microphone
25%
Avant Create
1%
Aucun quiz correspondant
Distribution des résultats
% des personnes avec chaque résultat
Percentile par nombre de réponses
Votre historique - résultats
Vous n’avez pas pris ce quiz depuis la dernière actualisation